Lounge Act-Nirvana Lyric Quiz - Statistics

General Stats
  • This quiz has been taken 43 times
  • The average score is 168 of 240
Answer Stats
Hint Answer % Correct
I
100%
a
93%
it
89%
and
82%
Chorus And
82%
friend
82%
go
82%
in
82%
me
82%
to
82%
who
82%
got
79%
I'll
79%
my
79%
this
79%
Verse 1 Truth
79%
you
79%
but
75%
can't
75%
feel
75%
let
75%
like
75%
make
75%
makes
75%
myself
75%
smother
75%
want
75%
work
75%
could
71%
covered
71%
I'd
71%
more
71%
of
71%
security
71%
see
71%
takin'
71%
than
71%
turns
71%
wanted
71%
arrest
68%
couldn't
68%
don't
68%
Verse 2 Don't
68%
I've
68%
on
68%
steal
68%
we
68%
out
64%
smell
64%
tell
64%
thing
64%
way
64%
hear
61%
her
61%
it's
61%
prove
61%
regret
61%
still
61%
wear
61%
what
61%
gone
57%
shield
57%
wanna
57%
afraid
54%
fear
54%
fucking
54%
need
54%
off
54%
until
54%
fightin'
50%
knowin'
50%
never
50%
jealousy
46%
tradin'
46%
deal
43%
ever
43%
anything
39%
keep
39%
pact
39%
we'll
39%
they
36%
experience
32%
from
32%
learn
32%
new
32%
lost
29%
rules
29%
share
29%
they'll
29%
what's
29%
their
25%
without
25%
grew
18%
No matching quizzes found
Score Distribution
Percent of People with Each Score
Percentile by Number Answered
Your Score History
You have not taken this quiz